[Event "Marianske Lazne op"]
[Site "Marianske Lazne"]
[Date "2020.01.21"]
[Round "4"]
[White "Kratochvil, David"]
[Black "Haag, Guenter"]
[Result "1/2-1/2"]
[WhiteElo "1138"]
[BlackElo "1919"]
[PlyCount "50"]
[EventDate "2020.01.18"]
[EventType "swiss"]
[EventRounds "9"]
[EventCountry "CZE"]
[SourceTitle "EXT 2021"]
[Source "ChessBase"]
[SourceDate "2020.10.23"]
[SourceVersion "1"]
[SourceVersionDate "2020.10.23"]
[SourceQuality "1"]

1. e4 c5 2. Nf3 a6 3. d4 cxd4 4. Nxd4 Nf6 5. Nc3 e5 6. Nb3 Bb4 7. f3 d5 8. exd5 Nxd5 9. a3 Bxc3+ 10. bxc3 0-0 11. c4 Nf4 12. Qxd8 Rxd8 13. Bxf4 exf4 14. Be2 Bf5 15. c3 Nc6 16. 0-0 Ne5 17. Rad1 Rxd1 18. Rxd1 Bc2 19. Rd5 Nxf3+ 20. Bxf3 Bxb3 21. Rd4 g5 22. Bxb7 Ra7 23. Bd5 Re7 24. Kf2 Re3 25. g3 Rxc3 1/2-1/2

[Event "Marianske Lazne op"]
[Site "Marianske Lazne"]
[Date "2020.01.19"]
[Round "2"]
[White "Haag, Guenter"]
[Black "Tedeeva, Olga"]
[Result "0-1"]
[WhiteElo "1919"]
[BlackElo "1289"]
[PlyCount "48"]
[EventDate "2020.01.18"]
[EventType "swiss"]
[EventRounds "9"]
[EventCountry "CZE"]
[SourceTitle "EXT 2021"]
[Source "ChessBase"]
[SourceDate "2020.10.23"]
[SourceVersion "1"]
[SourceVersionDate "2020.10.23"]
[SourceQuality "1"]

1. e4 c5 2. g3 Nc6 3. Bg2 g6 4. Ne2 Bg7 5. c3 e5 6. Na3 Nge7 7. Nc2 d5 8. exd5 Nxd5 9. 0-0 0-0 10. d4 cxd4 11. cxd4 exd4 12. Nexd4 Nxd4 13. Nxd4 Nb4 14. Be3 Qf6 15. a3 Na6 16. Qf3 Rd8 17. Rfd1 h5 18. Nb5 Rxd1+ 19. Rxd1 Qxb2 20. Rd8+ Kh7 21. Qxf7 Qb1+ 22. Bf1 Be6 23. Qxe6 Rxd8 24. Qe7 Rd1 0-1

[Event "Rheinland Pfalz op Seniors 16th"]
[Site "Neustadt an der Weinstrasse"]
[Date "2018.07.14"]
[Round "8"]
[White "Welsch, Dieter"]
[Black "Haag, Guenter"]
[Result "1/2-1/2"]
[WhiteElo "1831"]
[BlackElo "1929"]
[PlyCount "35"]
[EventDate "2018.07.07"]
[EventType "swiss"]
[EventRounds "9"]
[EventCountry "GER"]
[SourceTitle "EXT 2019"]
[Source "ChessBase"]
[SourceDate "2018.10.10"]
[SourceVersion "1"]
[SourceVersionDate "2018.10.10"]
[SourceQuality "1"]

1. d4 d6 2. e4 Nf6 3. Bd3 e5 4. c3 Nc6 5. Bg5 h6 6. Bxf6 Qxf6 7. d5 Ne7 8. Ne2 Bd7 9. Na3 c6 10. Qb3 0-0-0 11. Nc4 cxd5 12. Na5 Bc6 13. Nxc6 Nxc6 14. exd5 Nb8 15. Qc4+ Kd7 16. Qb5+ Kc8 17. Qc4+ Kd7 18. Qb5+ 1/2-1/2

[Event "Liberec op 18th"]
[Site "Liberec"]
[Date "2018.02.27"]
[Round "4"]
[White "Haag, Guenter"]
[Black "Habenicht, Martin"]
[Result "1-0"]
[WhiteElo "1948"]
[BlackElo "1640"]
[PlyCount "81"]
[EventDate "2018.02.24"]
[EventType "swiss"]
[EventRounds "9"]
[EventCountry "CZE"]
[SourceTitle "CBM 183 Extra"]
[Source "ChessBase"]
[SourceDate "2018.04.19"]
[SourceVersion "1"]
[SourceVersionDate "2018.04.19"]
[SourceQuality "1"]

1. e4 d5 2. Nc3 d4 3. Nce2 c5 4. Ng3 Nc6 5. Bc4 Nf6 6. Nf3 e6 7. d3 Bd6 8. c3 Bd7 9. Qe2 Qc7 10. Bd2 Ne5 11. cxd4 Nxf3+ 12. Qxf3 cxd4 13. 0-0 Bc6 14. Rfc1 Nd7 15. Bb5 Qb6 16. Bxc6 bxc6 17. Rab1 Rc8 18. b4 Qb5 19. Rb3 Qa4 20. Qd1 0-0 21. Rc2 Rb8 22. Qc1 Rfc8 23. Ra3 Qb5 24. Rc4 Qb6 25. f4 c5 26. e5 Bf8 27. bxc5 Nxc5 28. Ne4 Qb1 29. Nxc5 Bxc5 30. Rb3 Rxb3 31. axb3 Qxb3 32. Bb4 Bf8 33. Rxc8 Qxb4 34. Rc4 Qb6 35. h3 h6 36. Rc8 Qb5 37. Qa3 Qb1+ 38. Kh2 Qf1 39. Qxf8+ Kh7 40. Qxf7 Qxd3 41. Rg8 1-0

[Event "Liberec op 18th"]
[Site "Liberec"]
[Date "2018.02.25"]
[Round "2"]
[White "Haag, Guenter"]
[Black "Certek, Pavel"]
[Result "0-1"]
[WhiteElo "1948"]
[BlackElo "2256"]
[PlyCount "56"]
[EventDate "2018.02.24"]
[EventType "swiss"]
[EventRounds "9"]
[EventCountry "CZE"]
[SourceTitle "CBM 183 Extra"]
[Source "ChessBase"]
[SourceDate "2018.04.19"]
[SourceVersion "1"]
[SourceVersionDate "2018.04.19"]
[SourceQuality "1"]

1. e4 c5 2. g3 Nc6 3. Bg2 g6 4. Ne2 Bg7 5. c3 e5 6. Na3 Nge7 7. Nc2 d5 8. exd5 Nxd5 9. 0-0 0-0 10. d4 cxd4 11. cxd4 exd4 12. Ncxd4 Re8 13. Nb5 Be6 14. Ned4 Nxd4 15. Nxd4 Bc8 16. Nc2 Nb6 17. Ne3 Qe7 18. a4 Be6 19. a5 Rad8 20. Qe2 Bc4 21. Qg4 Bxf1 22. Bxf1 Nd7 23. Ra4 Ne5 24. Qe4 Qc7 25. Nc4 Nd3 26. Bf4 Qd7 27. Qxd3 Qxa4 28. Qf3 Re1 0-1

[Event "Trebic Highlands op 11th"]
[Site "Trebic"]
[Date "2017.09.28"]
[Round "6"]
[White "Haag, Guenter"]
[Black "Rychtecky, Pavel"]
[Result "1/2-1/2"]
[WhiteElo "1978"]
[BlackElo "1527"]
[PlyCount "46"]
[EventDate "2017.09.23"]
[EventType "swiss"]
[EventRounds "9"]
[EventCountry "CZE"]
[SourceTitle "EXT 2018"]
[Source "ChessBase"]
[SourceDate "2017.10.13"]
[SourceVersion "1"]
[SourceVersionDate "2017.10.13"]
[SourceQuality "1"]

1. e4 c5 2. g3 Nc6 3. Bg2 g6 4. Ne2 Bg7 5. 0-0 e6 6. c3 Nge7 7. d4 cxd4 8. cxd4 d5 9. exd5 Nxd5 10. Nbc3 Nxc3 11. bxc3 0-0 12. Rb1 Qc7 13. Re1 Rb8 14. a4 b6 15. Bd2 Rd8 16. Qc1 Bb7 17. Nf4 Qd7 18. Nd3 Rbc8 19. Qb2 Ba6 20. Nb4 Nxb4 21. Qxb4 Rc4 22. Qb2 Rxa4 23. Ra1 Bb5 1/2-1/2

[Event "Trebic Highlands op 11th"]
[Site "Trebic"]
[Date "2017.09.28"]
[Round "7"]
[White "Kalveus, Jan"]
[Black "Haag, Guenter"]
[Result "1-0"]
[WhiteElo "1867"]
[BlackElo "1978"]
[PlyCount "39"]
[EventDate "2017.09.23"]
[EventType "swiss"]
[EventRounds "9"]
[EventCountry "CZE"]
[SourceTitle "EXT 2018"]
[Source "ChessBase"]
[SourceDate "2017.10.13"]
[SourceVersion "1"]
[SourceVersionDate "2017.10.13"]
[SourceQuality "1"]

1. d4 d6 2. Nf3 Bg4 3. h3 Bxf3 4. gxf3 e5 5. dxe5 dxe5 6. Qxd8+ Kxd8 7. f4 Bd6 8. Bg2 c6 9. fxe5 Bxe5 10. Nd2 Ne7 11. Ne4 Bc7 12. Be3 Nd7 13. 0-0-0 Ke8 14. Nd6+ Bxd6 15. Rxd6 Nf5 16. Rd3 f6 17. Rhd1 Nb6 18. Bxb6 axb6 19. Rd7 Ne7 20. Rxb7 1-0

[Event "Trebic Highlands op 11th"]
[Site "Trebic"]
[Date "2017.09.23"]
[Round "1"]
[White "Reimer, Karl"]
[Black "Haag, Guenter"]
[Result "0-1"]
[WhiteElo "1537"]
[BlackElo "1978"]
[PlyCount "54"]
[EventDate "2017.09.23"]
[EventType "swiss"]
[EventRounds "9"]
[EventCountry "CZE"]
[SourceTitle "EXT 2018"]
[Source "ChessBase"]
[SourceDate "2017.10.13"]
[SourceVersion "1"]
[SourceVersionDate "2017.10.13"]
[SourceQuality "1"]

1. e3 g6 2. Nf3 Bg7 3. c3 d5 4. d4 Nd7 5. Nbd2 c6 6. Be2 f5 7. 0-0 Nh6 8. Qb3 Nf7 9. c4 e6 10. cxd5 exd5 11. Ne1 0-0 12. Nd3 Re8 13. Nf3 Qb6 14. Nd2 Bxd4 15. Nf4 Qxb3 16. Nxb3 Be5 17. Nd3 Nd6 18. Nd2 Bf6 19. Nb4 a5 20. Nc2 Nc5 21. f3 Kg7 22. Rb1 f4 23. Nb3 Nxb3 24. axb3 Bf5 25. Bd1 fxe3 26. Re1 e2 27. Rxe2 Rxe2 0-1

[Event "Rheinland Pfalz op Seniors 15th"]
[Site "Neustadt an der Weinstrasse"]
[Date "2017.07.16"]
[Round "2"]
[White "Leutz, Hans"]
[Black "Haag, Guenter"]
[Result "1/2-1/2"]
[WhiteElo "1959"]
[BlackElo "1959"]
[PlyCount "76"]
[EventDate "2017.07.15"]
[EventType "swiss"]
[EventRounds "9"]
[EventCountry "GER"]
[SourceTitle "EXT 2018"]
[Source "ChessBase"]
[SourceDate "2017.10.13"]
[SourceVersion "1"]
[SourceVersionDate "2017.10.13"]
[SourceQuality "1"]

1. d4 d6 2. Nf3 Bg4 3. Nbd2 Nc6 4. e3 e5 5. Be2 Nf6 6. dxe5 dxe5 7. e4 Bc5 8. 0-0 0-0 9. c3 a6 10. Qc2 Qe7 11. h3 Bh5 12. Re1 Rfd8 13. Nf1 h6 14. Be3 Bg6 15. Bd3 Nh5 16. Rad1 Bxe3 17. Nxe3 Nf4 18. Bc4 Rxd1 19. Rxd1 Rd8 20. Rxd8+ Nxd8 21. Nd5 Nxd5 22. Bxd5 c6 23. Bb3 Qd6 24. Qd2 Qxd2 25. Nxd2 Kf8 26. f3 b5 27. Kf2 Ke7 28. Ke3 Nb7 29. a4 Nc5 30. axb5 axb5 31. Bc2 f6 32. b4 Ne6 33. g3 Be8 34. h4 g5 35. hxg5 fxg5 36. g4 Nf4 37. Bb3 Kd6 38. Bg8 Bd7 1/2-1/2

[Event "Pfalz-ch MT-B 86th"]
[Site "Wolfstein"]
[Date "2017.04.13"]
[Round "5"]
[White "Louis, Volker"]
[Black "Haag, Guenter"]
[Result "1-0"]
[WhiteElo "2108"]
[BlackElo "1995"]
[PlyCount "101"]
[EventDate "2017.04.07"]
[EventType "tourn"]
[EventRounds "9"]
[EventCountry "GER"]
[SourceTitle "EXT 2018"]
[Source "ChessBase"]
[SourceDate "2017.10.13"]
[SourceVersion "1"]
[SourceVersionDate "2017.10.13"]
[SourceQuality "1"]

1. d4 d6 2. e4 Nf6 3. Nc3 g6 4. Be3 Bg7 5. h3 c6 6. g3 Nfd7 7. Bg2 Nb6 8. Nge2 N8d7 9. 0-0 Nf8 10. b3 f5 11. Qd2 fxe4 12. Nxe4 Ne6 13. Rad1 0-0 14. Bh6 d5 15. Bxg7 Kxg7 16. N4c3 Qd6 17. Qe3 Bd7 18. Nc1 Qb4 19. N3e2 Rae8 20. c3 Qd6 21. Nd3 Bc8 22. Ne5 Nd7 23. Nd3 Rf7 24. f4 Kg8 25. Rf2 Ref8 26. Rdf1 Ng7 27. g4 b6 28. Ng3 Ba6 29. Ne2 Bxd3 30. Qxd3 e6 31. Qe3 Rc8 32. c4 Rcf8 33. Nc1 c5 34. cxd5 exd5 35. Nd3 Re8 36. Ne5 Rfe7 37. Qd3 cxd4 38. Qxd4 Ne6 39. Qxd5 Qxd5 40. Bxd5 Nf6 41. Bg2 Nc5 42. b4 Na6 43. a3 Rc8 44. Rd2 Kg7 45. Rfd1 Rec7 46. g5 Ng8 47. Rd7+ Ne7 48. Nc6 Re8 49. Rxc7 Nxc7 50. Rd7 Kf8 51. Rxc7 1-0

[Event "Pfalz-ch MT-B 86th"]
[Site "Wolfstein"]
[Date "2017.04.07"]
[Round "1"]
[White "Busch, Lorenz"]
[Black "Haag, Guenter"]
[Result "1-0"]
[WhiteElo "2106"]
[BlackElo "1995"]
[PlyCount "75"]
[EventDate "2017.04.07"]
[EventType "tourn"]
[EventRounds "9"]
[EventCountry "GER"]
[SourceTitle "EXT 2018"]
[Source "ChessBase"]
[SourceDate "2017.10.13"]
[SourceVersion "1"]
[SourceVersionDate "2017.10.13"]
[SourceQuality "1"]

1. d4 d6 2. e4 Nf6 3. Nc3 g6 4. f4 Bg7 5. Nf3 0-0 6. Bd3 c6 7. 0-0 b5 8. a3 a6 9. Qe1 Bg4 10. Kh1 Bxf3 11. Rxf3 e6 12. Ne2 Nbd7 13. Be3 c5 14. c3 c4 15. Bc2 d5 16. e5 Ng4 17. Bd2 h5 18. Ng1 Re8 19. Nh3 Nf8 20. Ng5 Nh6 21. Qf2 Nh7 22. Rg1 Bf8 23. Rh3 Nxg5 24. fxg5 Nf5 25. g4 hxg4 26. Rxg4 Bg7 27. Bxf5 exf5 28. Rgh4 Qb6 29. Qg3 Kf8 30. Rh7 f4 31. Qh4 Qe6 32. Rxg7 Qf5 33. Rg8+ Ke7 34. Rxe8+ Rxe8 35. Rf3 Qb1+ 36. Kg2 Qxb2 37. Qxf4 Kd8 38. Qf6+ 1-0

[Event "Rheinland Pfalz op Seniors 12th"]
[Site "Neustadt an der Weinstrasse"]
[Date "2014.07.12"]
[Round "1"]
[White "Haag, Guenter"]
[Black "Van Houten, Henk"]
[Result "1-0"]
[WhiteElo "2035"]
[BlackElo "1773"]
[PlyCount "61"]
[EventDate "2014.07.12"]
[EventType "swiss"]
[EventRounds "7"]
[EventCountry "GER"]
[SourceTitle "EXT 2019"]
[Source "ChessBase"]
[SourceDate "2018.10.10"]
[SourceVersion "1"]
[SourceVersionDate "2018.10.10"]
[SourceQuality "1"]

1. e4 e5 2. Nf3 d6 3. c3 Bg4 4. Be2 Bxf3 5. Bxf3 c6 6. 0-0 Be7 7. d4 Nd7 8. Nd2 Qc7 9. a4 Bg5 10. Nc4 Bxc1 11. Rxc1 Nb6 12. Ne3 Nf6 13. a5 Nc8 14. b4 g6 15. Qd2 h5 16. Rcd1 Nd7 17. g3 f6 18. Be2 b5 19. d5 a6 20. dxc6 Qxc6 21. Qd5 Qxd5 22. Nxd5 0-0 23. Rd2 f5 24. exf5 Rxf5 25. Bd3 Rg5 26. Nc7 Ra7 27. Ne6 Rf5 28. Bxf5 gxf5 29. f4 e4 30. Rd5 Kf7 31. Nd4 1-0

[Event "Erfurt Seniors op 23rd"]
[Site "Erfurt"]
[Date "2013.12.28"]
[Round "3"]
[White "Siegmund, Rainer"]
[Black "Haag, Guenter"]
[Result "1/2-1/2"]
[WhiteElo "2140"]
[BlackElo "2030"]
[PlyCount "92"]
[EventDate "2013.12.26"]
[EventType "swiss"]
[EventRounds "5"]
[EventCountry "GER"]
[SourceTitle "EXT 2016"]
[Source "ChessBase"]
[SourceDate "2015.10.08"]
[SourceVersion "1"]
[SourceVersionDate "2015.10.08"]
[SourceQuality "1"]

1. d4 d5 2. c4 e5 3. dxe5 d4 4. Nf3 Nc6 5. Nbd2 g5 6. Nb3 Bb4+ 7. Bd2 Qe7 8. a3 Bxd2+ 9. Qxd2 Bg4 10. Nbxd4 Bxf3 11. Nxf3 g4 12. Ng1 Nxe5 13. e3 Nf6 14. 0-0-0 0-0 15. Qc2 Nfd7 16. Ne2 f5 17. Nf4 c6 18. Kb1 Nc5 19. Nd3 a5 20. Nxc5 Qxc5 21. Rd4 Rf7 22. Be2 Raf8 23. g3 h5 24. h4 b6 25. Rhd1 Qe7 26. Rd6 Rf6 27. R6d4 Nf7 28. Qd2 Ne5 29. Qc3 R6f7 30. Rd6 Rf6 31. Qd4 Rxd6 32. Qxd6 Qxd6 33. Rxd6 Kg7 34. Kc2 Rf6 35. Rd8 Nf7 36. Rd4 c5 37. Rd5 Nd6 38. Kd2 Kf7 39. Bd3 Ke6 40. Ke2 Rf8 41. f4 Rc8 42. a4 Re8 43. b3 Re7 44. Bc2 Re8 45. Re5+ Kf7 46. Rxe8 Kxe8 1/2-1/2

[Event "Zweibruecken PSB-ch HT4 82nd"]
[Site "Zweibruecken"]
[Date "2013.03.29"]
[Round "6"]
[White "Wahl, Gerhard"]
[Black "Haag, Guenter"]
[Result "0-1"]
[WhiteElo "1835"]
[BlackElo "1915"]
[PlyCount "72"]
[EventDate "2013.??.??"]
[EventType "swiss"]
[EventRounds "7"]
[EventCountry "GER"]
[SourceTitle "EXT 2014"]
[Source "ChessBase"]
[SourceDate "2013.11.20"]
[SourceVersion "1"]
[SourceVersionDate "2013.11.20"]
[SourceQuality "1"]

1. d4 e6 2. Bf4 f5 3. Nf3 Nf6 4. e3 b6 5. h3 Bb7 6. Nbd2 Be7 7. Bd3 Ne4 8. Bxe4 Bxe4 9. Nxe4 fxe4 10. Ne5 0-0 11. Qg4 Rf5 12. Bg3 d5 13. 0-0 Bg5 14. c4 h5 15. Qe2 Bf6 16. Rac1 c5 17. Rfd1 Bxe5 18. Bxe5 Nc6 19. Bg3 cxd4 20. exd4 Qf6 21. cxd5 exd5 22. Qe3 Rf8 23. h4 Nb4 24. Rd2 Nd3 25. Rc7 Rf7 26. Rdc2 Nf4 27. R2c6 Ne6 28. Rxf7 Qxf7 29. Be5 Qg6 30. Rd6 Kh7 31. Rd7 Qg4 32. g3 Qd1+ 33. Kg2 Rf3 34. Qg5 Nxg5 35. Rxg7+ Kh8 36. hxg5 Rf5 0-1

[Event "Zweibruecken PSB-ch HT4 82nd"]
[Site "Zweibruecken"]
[Date "2013.03.24"]
[Round "3"]
[White "Agne, Guenter"]
[Black "Haag, Guenter"]
[Result "1/2-1/2"]
[WhiteElo "1704"]
[BlackElo "1915"]
[PlyCount "79"]
[EventDate "2013.??.??"]
[EventType "swiss"]
[EventRounds "7"]
[EventCountry "GER"]
[SourceTitle "EXT 2014"]
[Source "ChessBase"]
[SourceDate "2013.11.20"]
[SourceVersion "1"]
[SourceVersionDate "2013.11.20"]
[SourceQuality "1"]

1. d4 e6 2. c4 Bb4+ 3. Nc3 f5 4. Bd2 Nf6 5. e3 b6 6. Nf3 Bb7 7. Be2 0-0 8. 0-0 a5 9. a3 Bxc3 10. Bxc3 Ne4 11. Qc2 g5 12. Rad1 g4 13. Nd2 Ng5 14. d5 exd5 15. cxd5 Bxd5 16. Nc4 Be4 17. Bd3 Nc6 18. Bxe4 Nxe4 19. Qd3 Nxc3 20. bxc3 Rf7 21. Qd5 Qf6 22. f4 Re8 23. Rd3 Qe6 24. Rfd1 Qxd5 25. Rxd5 d6 26. Rb1 Re4 27. Nxb6 cxb6 28. Rxb6 Rc4 29. Rxd6 Rc7 30. Rb5 Rxc3 31. Rxf5 Rb7 32. Rg5+ Rg7 33. Rb5 Rc2 34. g3 Ne7 35. f5 Rg5 36. Rb8+ Kf7 37. e4 Rh5 38. f6 Rhxh2 39. fxe7 Kxe7 40. Ra6 1/2-1/2